"National Anthem" - All Lyrics (Lana Del Rey) - Statistics

General Stats
  • This quiz has been taken 20 times
  • The average score is 388 of 469
Answer Stats
Lyrics % Correct
a
100%
anthem
100%
go
100%
God,
100%
hand
100%
hands
100%
handsome
100%
I
100%
I'm
100%
national
100%
So
100%
so
100%
you
100%
your
100%
you're
100%
address?
94%
and,
94%
And
94%
and
94%
baby,
94%
be
94%
Everybody
94%
fact
94%
is
94%
it,
94%
it's
94%
It's
94%
(kiss,
94%
kiss)
94%
know
94%
knows
94%
me
94%
me,
94%
Money
94%
of
94%
success
94%
the
94%
what
94%
what's
94%
before
89%
blue
89%
but
89%
cool,
89%
exist
89%
eyes
89%
for
89%
He
89%
in
89%
on
89%
on?"
89%
On
89%
out,
89%
party
89%
reason
89%
Red,
89%
sky
89%
Tell
89%
tell,
89%
tell
89%
to
89%
we
89%
white,
89%
air
83%
already
83%
body
83%
body,
83%
"Can
83%
can
83%
coolest
83%
do
83%
don't
83%
how
83%
how,
83%
my
83%
put
83%
said,
83%
said
83%
sing
83%
standin'
83%
Take
83%
take
83%
While
83%
back
78%
can't
78%
down,
78%
dress
78%
hair,
78%
heaven's
78%
keep
78%
Keep
78%
mascara
78%
neck
78%
off
78%
Over
78%
real,
78%
real
78%
say
78%
Summer's
78%
up
78%
"Yes"
78%
(Yes,
78%
yes)
78%
yet
78%
downtown)
72%
get
72%
love
72%
Or
72%
says
72%
story
72%
well,
72%
who
72%
will
72%
with?
72%
buy
67%
dealin'
67%
Hamptons,
67%
later
67%
like
67%
new
67%
pants
67%
think
67%
very
67%
Wind
67%
age,
61%
Boy,
61%
diamonds?
61%
fake
61%
his
61%
lots
61%
now)
61%
now
61%
python
61%
romance
61%
See
61%
sixth
61%
Winin'
61%
you'll
61%
abandon
56%
buyin'
56%
dinin',
56%
done
56%
drivin'
56%
Give
56%
hold
56%
loves
56%
makin'
56%
ovation
56%
page
56%
Queen
56%
Reckless
56%
Um,
56%
wow
56%
you've
56%
between
50%
Blurring
50%
drinkin'
50%
em
50%
Holdin'
50%
King
50%
lines
50%
overdose
50%
(Sugar,
50%
sugar,
50%
upper
50%
We're
50%
Babe,
44%
Bugatti
44%
dyin'
44%
Excessive
44%
have
44%
land
44%
landed,
44%
quick,
44%
ransom,
44%
safe
44%
sick
44%
belltower
39%
bow
39%
Chevron?
39%
danger,
39%
echelon
39%
need
39%
rage
39%
rampage
39%
somebody
39%
Sweetness
39%
(Booyah,
33%
Dark
33%
dreams
33%
hotel
33%
lonely,
33%
our
33%
Saigon
33%
drugs
28%
Veyron
28%
No matching quizzes found
Score Distribution
Percent of People with Each Score
Percentile by Number Answered
Your Score History
You have not taken this quiz